书目信息 |
| 题名: |
设计与设计家
|
|
| 作者: | ;马索 设计 ;Pyramyd工作室 编辑 | |
| 分册: | 第二辑(012) 让-玛利·马索 | |
| 出版信息: | 北京 中国青年出版社 2006 |
|
| 页数: | 96页 | |
| 开本: | 16×16cm | |
| 丛书名: | ||
| 单 册: | ||
| 中图分类: | TU206 , J111 | |
| 科图分类: | ||
| 主题词: | 建筑设计--法国--现代--图集 , 工业产品--造型设计--法国--现代--图集 , 美术--作品--世界--现代--画册 , 建筑设计 , 工业产品 , 美术 , 造型设计 | |
| 电子资源: | ||
| ISBN: | 7-5006-6622-5 | |
| 000 | 01287nam0 2200337 450 | |
| 001 | 003148179 | |
| 005 | 20070805165150.75 | |
| 010 | @a7-5006-6622-5@dCNY25.00 | |
| 100 | @a20060104d2006 em y0chiy0110 ea | |
| 101 | 0 | @achi |
| 102 | @aCN@b110000 | |
| 105 | @aa z 000yy | |
| 200 | 1 | @a设计与设计家@9she ji yu she ji jia@h第二辑(012)@i让-玛利·马索@dDesign & designer@iJean-Marie Massaud@e建筑设计/产品设计@f(法)PYRAMYD编辑@zeng |
| 210 | @a北京@c中国青年出版社@d2006 | |
| 215 | @a96页@d16×16cm | |
| 305 | @a本书由法国PYRAMYD授权中国青年出版社独家出版 | |
| 330 | @a本套书汇聚了来自不同背景的平面艺术家、设计师、插图画家和摄影师,引领我们倘佯于他们具有代表性意义的作品中。每一本专著都强调了图片的视觉效果,并对每位艺术家作品的特质进行了点评。 | |
| 510 | 1 | @aDesign & designer@iJean-Marie Massaud@zeng |
| 606 | 0 | @a建筑设计@y法国@z现代@j图集 |
| 606 | 0 | @a工业产品@x造型设计@y法国@z现代@j图集 |
| 606 | 0 | @a美术@x作品@y世界@z现代@j画册 |
| 606 | 0 | @a建筑设计 |
| 606 | 0 | @a工业产品 |
| 606 | 0 | @a美术 |
| 606 | 0 | @a造型设计 |
| 690 | @aTU206@v4 | |
| 690 | @aJ111@v4 | |
| 702 | 0 | @c(法)@a马索@9ma suo@c(Massaud, Jean-Marie@f1966~)@4设计 |
| 711 | 02 | @c(法)@aPyramyd工作室@9Pyramyd gong zuo shi@4编辑 |
| 801 | 0 | @aCN@bNLC@c20070805 |
| 905 | @a10447@dJ111@e103:2(12) | |
| 设计与设计家.第二辑(012).让-玛利·马索=Design & designer.Jean-Marie Massaud:建筑设计/产品设计/(法)PYRAMYD编辑.-北京:中国青年出版社,2006 |
| 96页;16×16cm |
| ISBN 7-5006-6622-5:CNY25.00 |
| 本套书汇聚了来自不同背景的平面艺术家、设计师、插图画家和摄影师,引领我们倘佯于他们具有代表性意义的作品中。每一本专著都强调了图片的视觉效果,并对每位艺术家作品的特质进行了点评。 |
| ● |
| 相关链接 |
|
|
|
|
正题名:设计与设计家
索取号:J111/103:2(12)
 
预约/预借
| 序号 | 登录号 | 条形码 | 馆藏地/架位号 | 状态 | 备注 |
| 1 | 0808634 | 208086346 | 第一样本阅览室/ [索取号:J111/103:2(12)] | 在馆 | |
| 2 | 0808635 | 208086355 | 第一借阅区/ [索取号:J111/103:2(12)] | 在馆 | |
| 3 | 0808636 | 208086364 | 密集书库-美术系/ [索取号:J111/103:2(12)] | 在馆 |